[Event "BEL-ch U20"]
[Site "Turnhout"]
[Date "2024.05.11"]
[Round "6"]
[White "Smeekens, Joppe"]
[Black "Dehoux, Cedric"]
[Result "0-1"]
[WhiteElo "1719"]
[BlackElo "1672"]
[PlyCount "68"]
[EventDate "2024.05.09"]
[EventType "swiss"]
[EventRounds "7"]
[EventCountry "BEL"]
[SourceTitle "CBM 220 Extra"]
[Source "ChessBase"]
[SourceDate "2024.07.31"]
[SourceVersion "1"]
[SourceVersionDate "2024.07.31"]
[SourceQuality "1"]

1. c4 e6 2. e4 d5 3. d3 dxe4 4. dxe4 Qxd1+ 5. Kxd1 e5 6. Nf3 Nc6 7. Nc3 Bc5 8. Nd5 Kd8 9. Be3 Bxe3 10. Nxe3 f6 11. Nd2 Be6 12. Rc1 Nge7 13. Bd3 Ke8 14. Nd5 Rc8 15. Rf1 Nd4 16. f4 c6 17. Ne3 exf4 18. Rxf4 Ng6 19. Rf2 Ne5 20. Bb1 Rd8 21. h3 h5 22. Ke1 Ke7 23. b3 g5 24. Ndf1 g4 25. h4 Ng6 26. g3 Nf3+ 27. Ke2 Nge5 28. Nf5+ Bxf5 29. exf5 Rd7 30. Ne3 Rd2+ 31. Kf1 Rhd8 32. Rc2 Rd1+ 33. Nxd1 Rxd1+ 34. Kg2 Rg1# 0-1